Normal view MARC view

Entry Personal Name

Number of records used in: 1

001 - CONTROL NUMBER

  • control field: 57703

003 - CONTROL NUMBER IDENTIFIER

  • control field: dpl

005 - DATE AND TIME OF LATEST TRANSACTION

  • control field: 20231005153859.0

008 - FIXED-LENGTH DATA ELEMENTS

  • fixed length control field: 231005|| aca||aabn | a|a d

040 ## - CATALOGING SOURCE

  • Original cataloging agency: dpl
  • Transcribing agency: dpl

100 ## - HEADING--PERSONAL NAME

  • Personal name: 'बघेल' सरवन सिंह

670 ## - SOURCE DATA FOUND

  • Source citation: Work cat.: (dpl)198711: 'बघेल' सरवन सिंह , भारत की सर्वागीण उन्नति का मंत्र अत्योदय , 2021

© Delhi Public Library
Hit Counter
free hit counter